Clans de Cyberpunk 2077 - Statistiques

Statistiques générales
  • Ce quiz a été pris 435 fois
    421 depuis la dernière actualisation
  • Le résultat moyen est 5 sur 10
Statistiques - réponses
Clans Secteur % Correct
Tyger Claws Japantown
72%
Voodoo Boys Pacifica
65%
Maelstrom Northside
64%
Aldecaldos Badlands
60%
Valentinos Glen
60%
6th Street Arroyo
57%
Animals Night City
54%
Mox Kabuki
48%
Barghest Dogtown
38%
Wraiths Périphérie de Night City
20%
Aucun quiz correspondant
Distribution des résultats
% des personnes avec chaque résultat
Percentile par nombre de réponses
Votre historique - résultats
Vous n’avez pas pris ce quiz depuis la dernière actualisation